000 00551nam a2200229Ia 4500
003 OSt
005 20230525191136.0
008 210423s1999 xx 000 0 und d
040 _cAL
041 _aeng
082 _a361.23
_223
_bCHIG
100 _aSOSALE (N Chinnaswamy)
_9114586
245 _aGadi chalavaligalu
250 _a1
260 _aHampi
_bPrasasanga
_c1999
300 _avi,32
365 _b340
_cINR
440 _v1
650 _aSocial Problems & Social Welfare
_9114587
906 _achalavaligalu ; Gadi
942 _2ddc
_cBK
999 _c173320
_d173320